| 000 | 00922nam a2200241Ia 4500 | ||
|---|---|---|---|
| 003 | Ost | ||
| 005 | 20260507075123.0 | ||
| 008 | 260507s9999||||xx |||||||||||||| ||und|| | ||
| 040 | _cfsecg | ||
| 041 | _aara | ||
| 082 | _a330 | ||
| 100 |
_aالمؤمن، قيس _eمؤلف |
||
| 245 | 0 |
_aالإدارة الصناعية / _c قيس المؤمن |
|
| 260 |
_aعمان: _bدار زهران, _c2005 |
||
| 300 |
_a152 صفحة؛ _c24 سم |
||
| 520 | _aالإدارة الصناعية-التنظيم الصناعي-العمليات الخارجية للتنظيم الصناعي-العمليات الداخلية للتنظيم الصناعي | ||
| 653 | _aالإدارة الصناعية | ||
| 653 | _aالتنظيم الصناعي | ||
| 653 | _aالعمليات الخارجية | ||
| 653 | _aالعمليات الداخلية | ||
| 700 |
_aأمين، محي الدين _eمؤلف ثانوي |
||
| 942 | _cكتاب | ||
| 999 |
_c43108 _d43108 |
||